Living at the Edge (Record no. 19396)

MARC details
000 -LEADER
fixed length control field 00614nam a2200241 a 4500
020 ## - INTERNATIONAL STANDARD BOOK NUMBER
ISBN 9780264674391
082 00 - DEWEY DECIMAL CLASSIFICATION NUMBER
Classification number 170
Author Cutter JAM
100 ## - MAIN ENTRY--AUTHOR NAME
Author name Jamieson, Penny
245 ## - TITLE STATEMENT
Title Living at the Edge
Sub title Sacrament and Sollidarity in Leadership
260 ## - PUBLICATION, DISTRIBUTION, ETC. (IMPRINT)
Place of publication London
Name of publisher Mowbray
Year of publication 1997
300 ## - PHYSICAL DESCRIPTION
Number of Pages 200p
500 ## - GENERAL NOTE
General note includes index and biblioraphy
505 2# - FORMATTED CONTENTS NOTE
Formatted contents note Notes
650 ## - SUBJECT ADDED ENTRY--TOPICAL TERM
Topical Term Ethics and Religion
942 ## - ADDED ENTRY ELEMENTS (KOHA)
Koha item type Books
700 1# -
-- Jamieson, Penny
Holdings
Collection code Home library Current library Date acquired Cost, normal purchase price Full call number Accession Number Koha item type
  Henry Martyn Institute Library Henry Martyn Institute Library 09/21/2010 500.00 170 JAM 11001988 Books
                   Copyright © 2026 | Henry Martyn Institute | Hyderabad | TS-500052 | INDIA | Implemented by hmi.edu.in
Hit-Count:

Powered by Koha